=LDR 00000nam 2200000 4500 =001 000213 =990 ##$$a TBM202500023 =005 20250710112137 =035 ##$$a 0010-0725000018 =245 1#$$a DANIS : $b Sang Pemenang /$c Muhammad Sanjaya =100 #$$a Sanjaya, Muhammad =250 ##$$a Cetakan Pertama =300 ##$$a 28 : $b ilus. ; $c 29,7 cm =856 ##$$a TBM AS SUHADA =260 ##$$a Jakarta Timur :$b Badan Pengembangan dan Pembinaan Bahasa,$c 2020 =082 ##$$a 398.209 598 =084 ##$$a 398.209 598 HEL r =020 ##$$a 978-623-3073-303-5 =600 #4$$a Cerita anak-Indonesia